Most expensive football transfers - Czech players - Statistics

General Stats
  • This quiz has been taken 82 times
  • The average score is 8 of 10
Answer Stats
Fee (M €) Season Left Joined Player % Correct
45,00 2001-2002 Lazio Juventus Pavel Nedved
100%
14,00 2015-2016 Chelsea Arsenal Petr Cech
97%
13,00 2004-2005 Stade Rennais Chelsea Petr Cech
97%
42,00 2018-2019 Sampdoria AS Roma Patrik Schick
91%
26,50 2020-2021 AS Roma Bayer Leverkusen Patrik Schick
91%
16,20 2020-2021 Slavia Prague West Ham Tomas Soucek
89%
13,00 2022-2023 Sparta Prague Bayer Leverkusen Adam Hlozek
80%
14,50 2000-2001 Sparta Prague Borussia Dortmund Tomas Rosicky
80%
14,00 2023-2024 Slavia Prague Benfica David Jurásek
53%
14,50 2019-2020 Udinese Calcio Sampdoria Jakub Jankto
40%
No matching quizzes found
Score Distribution
Percent of People with Each Score
Percentile by Number Answered
Your Score History
You have not taken this quiz